00406nam a2200121Ia 4500003000400000005001700004008004100021040001800062041000800080100005700088245010300145260003600248OSt20260124090333.0211028s2017 xx 000 0 und d cAIMIT LIBRARY aeng aFernandes, Chryselle Roheena; Thomas, Babu.g1516030 aStudy on the effectiveness of thw sourcing tools used by recruiters at people Gamut HR solutions / aMangalorebDr Babu Thomasc2017